| 000 | 00967nam a22002417a 4500 | ||
|---|---|---|---|
| 999 |
_c16245 _d16245 |
||
| 003 | AR-CdUCM | ||
| 008 | 190502b ||||| |||| 00| 0 spa d | ||
| 040 |
_aMUNICIPALIDAD PROVINCIAL DEL CUSCO _cBIBLIOTECA MUNICIPAL DEL CUSCO |
||
| 041 | _heng | ||
| 082 |
_a330.973 / _bK58 _22ed |
||
| 100 |
_aKirkland, Edward C. _935579 |
||
| 245 | _aHistoria económica de los Estados Unidos / | ||
| 260 |
_aMéxico, D.F : _bFondo de Cultura Económica, _c1947. |
||
| 300 |
_a840 páginas ; _c24 cm, |
||
| 440 |
_aSección de obras de economía dirigida por Daniel Cosio Villegas _935580 |
||
| 505 | _aContenido: La frontera imperial -- La producción en las colonias inglesas -- El campo del comercio colonial -- La conquista agrícola del oeste... | ||
| 650 |
_aEstados Unidos _91805 |
||
| 650 |
_aCondiciones económicas _91989 |
||
| 650 |
_aComercio colonial _935581 |
||
| 700 |
_aImaz, Eugenio (traducción) _935582 |
||
| 942 |
_2ddc _cLIBROS |
||
| 945 |
_adavv _d02/05/2019 |
||